Por amar perder un trono (Record no. 173908)

MARC details
000 -LEADER
campo de control de longitud fija 00736namaa2200169 i 4500
001 - NÚMERO DE CONTROL
campo de control 173908
003 - IDENTIFICADOR DE NÚMERO DE CONTROL
campo de control ES-MaACL
005 - FECHA Y HORA DE LA ÚLTIMA TRANSACCIÓN
campo de control 20240510063142.0
008 - DATOS DE LONGITUD FIJA--INFORMACIÓN GENERAL
campo de control de longitud fija 100128s1847 sp |||| | spa d
040 ## - FUENTE DE CATALOGACIÓN
Centro catalogador/agencia de origen SpMaBN
Lengua de catalogación spa
Centro/agencia transcriptor PAB
100 1# - ENTRADA PRINCIPAL--NOMBRE DE PERSONA
Nombre de persona Asquerino, Eusebio,
Fechas asociadas al nombre 1822-1892
9 (RLIN) 23643
245 10 - MENCIÓN DEL TÍTULO
Título Por amar perder un trono
Resto del título : drama original en tres actos y en verso /
Mención de responsabilidad, etc. por Eusebio Asquerino.
260 ## - PUBLICACIÓN, DISTRIBUCIÓN, ETC.
Lugar de publicación, distribución, etc. Madrid :
Nombre del editor, distribuidor, etc. [Gregorio Urbano Dargallo],
Fecha de publicación, distribución, etc. 1847 (
Fabricante Imp. de José de Rojas)
300 ## - DESCRIPCIÓN FÍSICA
Extensión 82 p. ;
Dimensiones 17 cm.
852 ## - LOCALIZACIÓN
Ubicación ES-MaACL
Número de control de estantería F-8628(4)
Nota libre .- Enc. pasta española
condición física .- Falto de la cub. original
Nota libre .- Enc. en un vol. facticio formando parte de la col. facticia "Teatro español moderno", vol. 83
Holdings
Estatus retirado Estado de pérdida Estado de daño No para préstamo Colección Biblioteca de origen Biblioteca actual Ubicación en estantería Fecha de adquisición Fuente de adquisición Total de préstamos Signatura topográfica completa Código de barras Visto por última vez Precio de reemplazo Tipo de ítem Koha
        Libros del s. XIX Biblioteca del Ateneo de Madrid Biblioteca del Ateneo de Madrid Sala Pecera Planta 2 28/01/2010     F-8628(4) 1182547 23/02/2023 23/02/2023 Libro impreso antiguo